000 01899cam a22004934i 4500
003 PE-LiUPU
005 20250731165450.0
008 150623s r 000 0 d
020 _a8480050276
035 _a(Sirsi) i9788480050272
040 _aPE-LiUPU
_bspa
_cPE-LiUPU
_erda
049 _aPRUA
082 0 4 _a487.463d
_bP39
_221
100 1 _aPelaez, Jesús,
_eautor.
245 1 0 _aMetodología del diccionario griego-español del nuevo testamento /
_cJesús Peláez.
264 1 _aCórdova, España :
_bEdicioenes El Almendro,
_c1996.
300 _a163 páginas ;
_c23 centímetros
336 _atext
_2rdacontent
337 _aunmediated
_2rdamedia
338 _avolume
_2rdacarrier
490 0 _aEstudios de filología neotestamentaria ;
_v6
505 0 _aDiccionario y significado. -Los diccionarios del Griego del nuevo testamento. -Pasos para la redacción del diccionario Griego-Español del nuevo testamento basado en las especies semánticas.
526 _aSEG44
526 _aSEG26
526 _aP151
526 _aP150
526 _aP149
526 _aP146
526 _aP145
526 _aP126
526 _aP125
526 _aP92
526 _aP75
526 _aP74
526 _aP27
526 _aP15
650 0 4 _aGriego bíblico
_vDiccionarios.
_91343
942 _2ddc
_cBOOK
949 _aRC 487.463D P39
_wDEWEY
_c1
_i43944
_d2016-4-14
_e2016-3-22
_lCCODEBUL1
_mBUL
_n2
_r0
_sY
_tBOOK
_u2015-6-24
_xTEOLOGIA
_PP35
_0COMPRA
_o.CIRCNOTE. No olvidar cambiar la fecha de devolución!!!!!!!
_o.STAFF. Colección General
994 _aC0
_bPEPRU
596 _a1
999 _aRC 487.463D P39
_wDEWEY
_c20821
_i43944
_d20821
_e2016-3-22
_f2021-11-8
_g5
_lCCODEBUL1
_mBUL
_n2
_q2
_r1
_sY
_tBOOK
_u2015-6-24
_xTEOLOGIA
_PP35
_0COMPRA
_o.CIRCNOTE. No olvidar cambiar la fecha de devolución!!!!!!!
_o.STAFF. Colección General
980 _81
_gALBERTO SANCHEZ Responsable de Automatización